| 000 | 00434nam a2200181Ia 4500 | ||
|---|---|---|---|
| 005 | 20250425161243.0 | ||
| 008 | 250425s9999 xx 000 0 und d | ||
| 041 | _aeng | ||
| 082 | _a621.38152 | ||
| 100 | _aADLER, R.B. | ||
| 245 | 0 | _aINTRODUCTION TO SEMICONDUCTOR PHYSICS | |
| 250 | _a1ST ED. | ||
| 260 |
_aEstados Unidos _bJOHN WILEY & SONS _c1964 |
||
| 260 | _aNEW YORK | ||
| 300 | _a247 | ||
| 942 | _c01 | ||
| 010 | _a16210 | ||
| 999 |
_c205527 _d205527 |
||